Представление документа в формате MARC21

ПолеНазваниеЗначение
  Тип записи a
  Библиографический уровень m
001 Контрольный номер RU\infra-m\znanium\bibl\2184813
005 Дата корректировки 20260429142240.7
008 Кодируемые данные 260119s2026 RU g rus u
020 Индекс ISBN __
a ISBN 978-5-906923-19-6
020 Индекс ISBN __
a ISBN 978-5-16-113251-7 (электр. издание)
020 Индекс ISBN __
a ISBN 978-5-16-012698-2 (ISBN соиздателя)
040 Источник каталогиз. __
a Служба первич. каталог. Общество с ограниченной ответственностью «ЗНАНИУМ»
041 Код языка издания __
a Код языка текста rus
044 Код страны публикации __
a Код страны публикации RU
080 Индекс УДК __
a Индекс УДК 004.2(075.8)
084 Индекс другой классификации/Индекс ББК __
2 Источник индекса rubbk
a Индекс другой классификации/Индекс ББК 32.973-02я73
084 Индекс другой классификации/Индекс ББК __
2 Источник индекса okso
a Индекс другой классификации/Индекс ББК 09.01.04
084 Индекс другой классификации/Индекс ББК __
2 Источник индекса okso
a Индекс другой классификации/Индекс ББК 09.01.05
084 Индекс другой классификации/Индекс ББК __
2 Источник индекса okso
a Индекс другой классификации/Индекс ББК 09.02.01
084 Индекс другой классификации/Индекс ББК __
2 Источник индекса okso
a Индекс другой классификации/Индекс ББК 09.02.02
084 Индекс другой классификации/Индекс ББК __
2 Источник индекса okso
a Индекс другой классификации/Индекс ББК 09.02.03
084 Индекс другой классификации/Индекс ББК __
2 Источник индекса okso
a Индекс другой классификации/Индекс ББК 09.02.04
084 Индекс другой классификации/Индекс ББК __
2 Источник индекса okso
a Индекс другой классификации/Индекс ББК 09.02.05
084 Индекс другой классификации/Индекс ББК __
2 Источник индекса okso
a Индекс другой классификации/Индекс ББК 09.02.06
084 Индекс другой классификации/Индекс ББК __
2 Источник индекса okso
a Индекс другой классификации/Индекс ББК 09.02.07
084 Индекс другой классификации/Индекс ББК __
2 Источник индекса okso
a Индекс другой классификации/Индекс ББК 11.02.03
084 Индекс другой классификации/Индекс ББК __
2 Источник индекса okso
a Индекс другой классификации/Индекс ББК 11.02.06
084 Индекс другой классификации/Индекс ББК __
2 Источник индекса okso
a Индекс другой классификации/Индекс ББК 11.02.07
084 Индекс другой классификации/Индекс ББК __
2 Источник индекса okso
a Индекс другой классификации/Индекс ББК 11.02.09
084 Индекс другой классификации/Индекс ББК __
2 Источник индекса okso
a Индекс другой классификации/Индекс ББК 11.02.11
084 Индекс другой классификации/Индекс ББК __
2 Источник индекса okso
a Индекс другой классификации/Индекс ББК 11.02.14
084 Индекс другой классификации/Индекс ББК __
2 Источник индекса okso
a Индекс другой классификации/Индекс ББК 11.02.15
084 Индекс другой классификации/Индекс ББК __
2 Источник индекса okso
a Индекс другой классификации/Индекс ББК 11.02.18
084 Индекс другой классификации/Индекс ББК __
2 Источник индекса okso
a Индекс другой классификации/Индекс ББК 26.01.05
100 Автор __
a Автор Степина В.В.
q Полное имя Степина Вера Владимировна
u Дополнение Колледж предпринимательства № 11, г. Москва
245 Заглавие __
a Заглавие Основы архитектуры, устройство и функционирование вычислительных систем
b Продолж. заглавия Учебник
c Ответственность Колледж предпринимательства № 11, г. Москва
250 Сведения об издании __
a Основные сведения об издании 1
260 Выходные данные __
a Место издания Москва
b Издательство ООО "КУРС"
c Дата издания 2026
300 Физическое описание __
a Объем 288 с.
520 Аннотация __
a Аннотация Учебник создан в соответствии с Федеральным государственным образовательным стандартом по специальности 09.02.04 «Информационные системы (по отраслям)». Рассмотрены цифровые вычислительные системы и их архитектурные особенности работа основных логических блоков системы вычисления в многопроцессорных и многоядерных системах. Дана классификация вычислительных платформ. Описаны методы повышения производительности многопроцессорных и многоядерных систем. Значительное внимание уделено Организации памяти в микропроцессорных системах (МПС) и подсистеме прерываний в МПС.
521 Примеч. о цел. назн. __
a Примеч. о целев. назн. Среднее профессиональное образование
650 Тематические рубрики __
a Основная рубрика Информатика. Вычислительная техника
x Основная подрубрика Общая информатика
655 Указ. предметных рубрик (устаревшее) __
a Жанр/ форма (устаревшее) Учебник
856 Электронный адрес документа 4_
a Имя сервера/домена znanium.ru
m Помощь ebs_support@infra-m.ru
n Местонахождение сервера НИЦ ИНФРА-М
u URL https://znanium.ru/catalog/document?id=476638
856 Электронный адрес документа 48
a Имя сервера/домена znanium.ru
d Путь /cover/2184
f Электронное имя 2184813.jpg
u URL https://znanium.ru/cover/2184/2184813.jpg
911 __
u 0030=https://znanium.ru/catalog/document?id=476638